[Event "World Chess Olympiad 2018"]
[Site "Batumi"]
[Date "2018.10.02"]
[Round "8"]
[Board "2"]
[WhiteFideId "19600160"]
[White "Yahi Mohamed Salem"]
[BlackFideId "8100144"]
[Black "Mansour Sameer"]
[Result "0-1"]
[LiveChessVersion "1.4.8"]
[BlackElo "2232"]
[WhiteElo "1926"]

1. d4 {[%clk 1:30:52]} Nf6 {[%clk 1:30:12]} 2. Nc3 {[%clk 1:30:50]} d5
{[%clk 1:30:24]} 3. Nf3 {[%clk 1:31:02]} e6 {[%clk 1:27:11]} 4. Bf4
{[%clk 1:28:49]} c5 {[%clk 1:26:34]} 5. e3 {[%clk 1:28:29]} a6 {[%clk 1:25:41]}
6. Be2 {[%clk 1:27:56]} Be7 {[%clk 1:25:48]} 7. dxc5 {[%clk 1:26:16]} Bxc5
{[%clk 1:26:13]} 8. O-O {[%clk 1:25:57]} Nc6 {[%clk 1:25:11]} 9. Ne5
{[%clk 1:24:18]} O-O {[%clk 1:24:59]} 10. Nxc6 {[%clk 1:23:43]} bxc6
{[%clk 1:25:18]} 11. Be5 {[%clk 1:20:10]} Nd7 {[%clk 1:25:22]} 12. Bd4
{[%clk 1:19:16]} Bd6 {[%clk 1:25:41]} 13. Na4 {[%clk 1:16:28]} c5
{[%clk 1:21:10]} 14. Bc3 {[%clk 1:14:42]} Bxh2+ {[%clk 1:10:46]} 15. Kxh2
{[%clk 1:15:04]} Qh4+ {[%clk 1:11:07]} 16. Kg1 {[%clk 1:15:28]} Qxa4
{[%clk 1:11:23]} 17. b3 {[%clk 1:15:43]} Qh4 {[%clk 1:10:25]} 18. g3
{[%clk 1:15:24]} Qe7 {[%clk 1:10:37]} 19. a4 {[%clk 1:09:14]} f5 {[%clk 1:09:24]}
20. Bf3 {[%clk 1:08:16]} Nf6 {[%clk 1:09:19]} 21. Be5 {[%clk 1:07:52]} Ne4
{[%clk 1:09:31]} 22. Bxe4 {[%clk 1:06:47]} fxe4 {[%clk 1:09:52]} 23. Qh5
{[%clk 1:02:50]} Rf5 {[%clk 1:09:17]} 24. Qh2 {[%clk 0:44:26]} Rxe5
{[%clk 1:09:28]} 25. f4 {[%clk 0:43:59]} exf3 {[%clk 1:09:42]} 26. Rxf3
{[%clk 0:42:34]} Bb7 {[%clk 1:09:15]} 27. g4 {[%clk 0:42:06]} Rg5
{[%clk 1:08:39]} 28. Rg3 {[%clk 0:36:39]} Rf8 {[%clk 1:06:10]} 29. Re1
{[%clk 0:31:57]} Qd6 {[%clk 1:05:31]} 30. Qg2 {[%clk 0:31:36]} d4
{[%clk 1:05:46]} 31. e4 {[%clk 0:31:23]} Rf4 {[%clk 1:05:52]} 32. Qe2
{[%clk 0:20:32]} Rxe4 {[%clk 1:06:00]} 0-1

[Event "World Chess Olympiad 2018"]
[Site "Batumi"]
[Date "2018.10.02"]
[Round "8"]
[Board "3"]
[WhiteFideId "8103178"]
[White "Ahmad Al Khatib"]
[BlackFideId "19601409"]
[Black "Mohamed Lemine Mohamed"]
[Result "1-0"]
[LiveChessVersion "1.4.8"]
[BlackElo "1844"]
[WhiteElo "2355"]

1. e4 {[%clk 1:30:54]} e5 {[%clk 1:30:53]} 2. Bc4 {[%clk 1:30:54]} Nf6
{[%clk 1:30:56]} 3. d3 {[%clk 1:31:18]} Bc5 {[%clk 1:29:49]} 4. Nf3
{[%clk 1:30:57]} d6 {[%clk 1:30:04]} 5. O-O {[%clk 1:31:09]} O-O {[%clk 1:30:22]}
6. c3 {[%clk 1:31:10]} Bg4 {[%clk 1:20:30]} 7. Nbd2 {[%clk 1:29:56]} Nc6
{[%clk 1:14:48]} 8. Re1 {[%clk 1:28:59]} d5 {[%clk 1:12:33]} 9. exd5
{[%clk 1:28:37]} Nxd5 {[%clk 1:11:00]} 10. h3 {[%clk 1:27:00]} Bh5
{[%clk 1:11:02]} 11. Ne4 {[%clk 1:27:07]} Bxf3 {[%clk 1:05:22]} 12. Qxf3
{[%clk 1:27:18]} 1-0

[Event "World Chess Olympiad 2018"]
[Site "Batumi"]
[Date "2018.10.02"]
[Round "8"]
[Board "4"]
[WhiteFideId "19601441"]
[White "Mohamed Abderrahim Taleb Mohamed"]
[BlackFideId "7600437"]
[Black "Issa Rafat"]
[Result "0-1"]
[LiveChessVersion "1.4.8"]
[BlackElo "2388"]
[WhiteElo "1776"]

1. e4 {[%clk 1:30:50]} c5 {[%clk 1:30:45]} 2. Nf3 {[%clk 1:31:10]} d6
{[%clk 1:31:03]} 3. d4 {[%clk 1:31:36]} cxd4 {[%clk 1:31:25]} 4. Nxd4
{[%clk 1:31:57]} Nf6 {[%clk 1:31:49]} 5. Nc3 {[%clk 1:31:59]} Nc6
{[%clk 1:32:01]} 6. Be3 {[%clk 1:31:50]} e5 {[%clk 1:32:21]} 7. Ndb5
{[%clk 1:29:02]} a6 {[%clk 1:32:09]} 8. Na3 {[%clk 1:29:26]} b5 {[%clk 1:32:31]}
9. Nd5 {[%clk 1:29:49]} Nxd5 {[%clk 1:32:37]} 10. exd5 {[%clk 1:29:59]} Nb8
{[%clk 1:32:45]} 11. c4 {[%clk 1:27:38]} b4 {[%clk 1:30:16]} 12. Qa4+
{[%clk 1:24:14]} Nd7 {[%clk 1:30:39]} 13. Qxb4 {[%clk 1:23:30]} Be7
{[%clk 1:31:01]} 14. Bd3 {[%clk 1:21:03]} O-O {[%clk 1:31:23]} 15. O-O
{[%clk 1:19:39]} f5 {[%clk 1:31:47]} 16. f4 {[%clk 1:18:24]} g5 {[%clk 1:30:08]}
17. fxg5 {[%clk 1:09:35]} Rb8 {[%clk 1:29:45]} 18. Qe1 {[%clk 0:56:12]} f4
{[%clk 1:26:36]} 19. Bxf4 {[%clk 0:49:42]} exf4 {[%clk 1:25:32]} 20. Qe4
{[%clk 0:49:48]} Rf7 {[%clk 1:25:14]} 21. Rxf4 {[%clk 0:49:51]} Nc5
{[%clk 1:25:17]} 22. g6 {[%clk 0:48:29]} hxg6 0-1

[Event "World Chess Olympiad 2018"]
[Site "Batumi"]
[Date "2018.10.02"]
[Round "8"]
[Board "1"]
[WhiteFideId "15400263"]
[White "Wong Kai Meng"]
[BlackFideId "14306310"]
[Black "Degondo Simplice Armel"]
[Result "0-1"]
[LiveChessVersion "1.4.8"]
[BlackElo "2138"]
[WhiteElo "1661"]

1. d4 {[%clk 1:30:56]} d5 {[%clk 1:30:59]} 2. Nf3 {[%clk 1:31:17]} Nf6
{[%clk 1:31:28]} 3. Bf4 {[%clk 1:31:35]} g6 {[%clk 1:31:14]} 4. h3
{[%clk 1:31:39]} Bg7 {[%clk 1:31:42]} 5. e3 {[%clk 1:31:34]} O-O {[%clk 1:32:10]}
6. c4 {[%clk 1:31:35]} c5 {[%clk 1:31:47]} 7. Nc3 {[%clk 1:30:32]} Nc6
{[%clk 1:31:02]} 8. Be2 {[%clk 1:23:44]} cxd4 {[%clk 1:31:19]} 9. exd4
{[%clk 1:22:49]} dxc4 {[%clk 1:31:38]} 10. Bxc4 {[%clk 1:21:15]} Nh5
{[%clk 1:31:35]} 11. Be3 {[%clk 1:19:08]} Qb6 {[%clk 1:31:06]} 12. Bb3
{[%clk 1:07:37]} Rd8 {[%clk 1:29:22]} 13. O-O {[%clk 1:05:05]} Qa5
{[%clk 1:12:49]} 14. Qd2 {[%clk 0:47:01]} Bxd4 {[%clk 1:09:01]} 15. Nxd4
{[%clk 0:30:33]} Nxd4 {[%clk 1:09:27]} 16. Bxd4 {[%clk 0:30:57]} e5
{[%clk 1:09:17]} 17. Qg5 {[%clk 0:20:12]} Rxd4 {[%clk 1:08:19]} 18. Rfd1
{[%clk 0:19:17]} Bf5 {[%clk 0:48:16]} 19. Qe7 {[%clk 0:11:21]} Rf8
{[%clk 0:42:39]} 20. Nd5 {[%clk 0:11:05]} Be6 {[%clk 0:41:21]} 21. Qxb7
{[%clk 0:10:03]} Bxd5 {[%clk 0:40:32]} 22. Bxd5 {[%clk 0:10:20]} Nf4
{[%clk 0:40:50]} 23. Bb3 {[%clk 0:10:21]} Qc5 {[%clk 0:39:37]} 24. Qf3
{[%clk 0:07:51]} Rfd8 {[%clk 0:37:42]} 25. Rxd4 {[%clk 0:05:51]} Rxd4
{[%clk 0:37:15]} 26. Qa8+ {[%clk 0:05:52]} Kg7 {[%clk 0:37:38]} 27. Qb7
{[%clk 0:06:10]} Ne2+ {[%clk 0:37:44]} 28. Kh1 {[%clk 0:03:01]} Rf4
{[%clk 0:38:10]} 29. f3 {[%clk 0:01:45]} Qf2 {[%clk 0:37:51]} 30. Qd5
{[%clk 0:01:26]} e4 {[%clk 0:37:33]} 31. Qe5+ {[%clk 0:01:07]} Rf6
{[%clk 0:36:52]} 32. fxe4 {[%clk 0:00:52]} Ng3+ {[%clk 0:34:07]} 33. Kh2
{[%clk 0:01:12]} Nf1+ {[%clk 0:34:25]} 34. Kh1 {[%clk 0:01:20]} Kh6
{[%clk 0:33:38]} 35. Qa5 {[%clk 0:00:42]} Qg3 {[%clk 0:33:01]} 0-1

[Event "World Chess Olympiad 2018"]
[Site "Batumi"]
[Date "2018.10.02"]
[Round "8"]
[Board "2"]
[WhiteFideId "20800088"]
[White "Ble Kouko Hubert"]
[BlackFideId "15400166"]
[Black "Mak Tong Kuan"]
[Result "0-1"]
[LiveChessVersion "1.4.8"]
[BlackElo "1840"]
[WhiteElo "1829"]

1. Nf3 {[%clk 1:30:57]} Nf6 {[%clk 1:30:45]} 2. c4 {[%clk 1:31:22]} g6
{[%clk 1:30:47]} 3. Nc3 {[%clk 1:30:30]} Bg7 {[%clk 1:30:54]} 4. d4
{[%clk 1:30:50]} O-O {[%clk 1:31:02]} 5. e4 {[%clk 1:29:42]} d6 {[%clk 1:31:27]}
6. Be2 {[%clk 1:29:54]} e5 {[%clk 1:31:14]} 7. dxe5 {[%clk 1:22:43]} dxe5
{[%clk 1:29:35]} 8. Bg5 {[%clk 1:16:07]} Qxd1+ {[%clk 1:20:58]} 9. Rxd1
{[%clk 1:16:16]} c6 {[%clk 1:21:18]} 10. O-O {[%clk 1:14:02]} h6 {[%clk 1:13:39]}
11. Be3 {[%clk 1:10:53]} Be6 {[%clk 1:07:39]} 12. Bc5 {[%clk 1:08:02]} Re8
{[%clk 1:02:30]} 13. b3 {[%clk 1:02:40]} Nbd7 {[%clk 0:43:29]} 14. Ba3
{[%clk 0:52:06]} a5 {[%clk 0:30:28]} 15. Nd2 {[%clk 0:38:19]} Bf8
{[%clk 0:16:32]} 16. Bxf8 {[%clk 0:38:12]} Kxf8 {[%clk 0:16:22]} 17. Na4
{[%clk 0:38:29]} b6 {[%clk 0:11:40]} 18. f3 {[%clk 0:38:12]} h5 {[%clk 0:07:05]}
19. Kf2 {[%clk 0:36:25]} h4 {[%clk 0:06:32]} 20. g3 {[%clk 0:35:57]} Ke7
{[%clk 0:06:56]} 21. Nb1 {[%clk 0:33:57]} Rh8 {[%clk 0:06:57]} 22. Nbc3
{[%clk 0:32:35]} hxg3+ {[%clk 0:06:51]} 23. hxg3 {[%clk 0:33:03]} Rh2+
{[%clk 0:06:13]} 24. Ke3 {[%clk 0:33:18]} Nh5 {[%clk 0:05:01]} 25. Rg1
{[%clk 0:32:52]} Rh8 {[%clk 0:03:39]} 26. Rd2 {[%clk 0:31:42]} f5
{[%clk 0:03:56]} 27. Kd3 {[%clk 0:29:49]} f4 {[%clk 0:04:06]} 28. gxf4
{[%clk 0:25:36]} Nxf4+ {[%clk 0:04:29]} 29. Kc2 {[%clk 0:25:44]} Rf2
{[%clk 0:04:44]} 30. Rf1 {[%clk 0:24:35]} Rg2 {[%clk 0:05:02]} 31. Bd1
{[%clk 0:23:41]} Rhh2 {[%clk 0:05:15]} 32. Nb1 {[%clk 0:21:27]} Bh3
{[%clk 0:03:47]} 33. Rg1 {[%clk 0:21:24]} Rxg1 {[%clk 0:02:24]} 34. Rxh2
{[%clk 0:19:52]} Rg2+ {[%clk 0:02:00]} 35. Rxg2 {[%clk 0:19:52]} Bxg2
{[%clk 0:01:57]} 36. Nbc3 {[%clk 0:18:53]} Ne6 {[%clk 0:01:25]} 37. Kd2
{[%clk 0:19:13]} g5 {[%clk 0:01:06]} 38. Ke3 {[%clk 0:19:35]} Nec5
{[%clk 0:00:51]} 39. Be2 {[%clk 0:19:24]} Kd6 {[%clk 0:00:48]} 40. Bd1
{[%clk 0:49:42]} Bf1 {[%clk 0:30:44]} 41. Bc2 {[%clk 0:49:50]} Nxa4
{[%clk 0:14:57]} 42. Nxa4 {[%clk 0:50:08]} b5 {[%clk 0:14:27]} 43. cxb5
{[%clk 0:49:35]} cxb5 {[%clk 0:14:51]} 44. Nc3 {[%clk 0:48:43]} Kc5
{[%clk 0:11:44]} 45. Kf2 {[%clk 0:46:43]} Kd4 {[%clk 0:08:53]} 46. Nd5
{[%clk 0:46:19]} Bh3 {[%clk 0:08:10]} 47. a3 {[%clk 0:33:38]} Be6
{[%clk 0:04:32]} 48. Nc7 {[%clk 0:24:25]} Kc3 {[%clk 0:04:57]} 49. Bd1
{[%clk 0:24:43]} Bxb3 {[%clk 0:04:34]} 50. Nxb5+ {[%clk 0:19:27]} Kb2
{[%clk 0:04:51]} 51. Be2 {[%clk 0:19:39]} Nb6 {[%clk 0:03:23]} 52. Na7
{[%clk 0:07:17]} Ba4 {[%clk 0:03:27]} 53. Nb5 {[%clk 0:06:57]} Bxb5
{[%clk 0:03:40]} 54. Bxb5 {[%clk 0:07:05]} Kxa3 {[%clk 0:04:09]} 55. Kg3
{[%clk 0:07:24]} Kb4 {[%clk 0:04:26]} 56. Be8 {[%clk 0:07:31]} a4
{[%clk 0:04:24]} 57. Bxa4 {[%clk 0:07:20]} Nxa4 {[%clk 0:04:43]} 58. Kg4
{[%clk 0:07:47]} Nc5 {[%clk 0:04:58]} 59. Kxg5 {[%clk 0:06:02]} Nd3
{[%clk 0:05:23]} 60. Kf5 {[%clk 0:05:12]} Kc5 {[%clk 0:05:16]} 61. f4
{[%clk 0:01:38]} exf4 {[%clk 0:05:40]} 62. Kg4 {[%clk 0:01:44]} Kd4
{[%clk 0:05:46]} 0-1

[Event "World Chess Olympiad 2018"]
[Site "Batumi"]
[Date "2018.10.02"]
[Round "8"]
[Board "3"]
[WhiteFideId "15400212"]
[White "Celis Joel"]
[BlackFideId "21200203"]
[Black "Kouya Tyeoulou Bernardin Franklin"]
[Result "1-0"]
[LiveChessVersion "1.4.8"]
[BlackElo "1753"]
[WhiteElo "1840"]

1. e4 {[%clk 1:30:49]} c5 {[%clk 1:30:52]} 2. Nf3 {[%clk 1:31:06]} d6
{[%clk 1:31:13]} 3. d4 {[%clk 1:31:21]} cxd4 {[%clk 1:31:34]} 4. Nxd4
{[%clk 1:31:46]} Nf6 {[%clk 1:31:52]} 5. Nc3 {[%clk 1:31:37]} a6 {[%clk 1:32:12]}
6. Bg5 {[%clk 1:31:48]} e6 {[%clk 1:32:23]} 7. f4 {[%clk 1:31:58]} Be7
{[%clk 1:32:20]} 8. Qf3 {[%clk 1:31:59]} Qc7 {[%clk 1:31:49]} 9. O-O-O
{[%clk 1:31:22]} b5 {[%clk 1:31:32]} 10. Bxf6 {[%clk 1:28:25]} Bxf6
{[%clk 1:31:36]} 11. Bxb5+ {[%clk 1:28:36]} axb5 {[%clk 1:21:59]} 12. Ndxb5
{[%clk 1:28:46]} Qa5 {[%clk 1:21:59]} 13. Nxd6+ {[%clk 1:27:37]} Ke7
{[%clk 1:22:13]} 14. e5 {[%clk 1:26:21]} Nd7 {[%clk 1:22:08]} 15. Qh5
{[%clk 1:18:55]} g6 {[%clk 1:22:07]} 16. exf6+ {[%clk 1:19:15]} Nxf6
{[%clk 1:21:58]} 17. Qxa5 {[%clk 1:19:28]} Rxa5 {[%clk 1:22:16]} 18. Nxc8+
{[%clk 1:17:40]} Rxc8 {[%clk 1:22:31]} 19. Rd4 {[%clk 1:16:49]} Rac5
{[%clk 1:21:46]} 20. h3 {[%clk 1:13:04]} h5 {[%clk 1:22:02]} 21. Rhd1
{[%clk 1:13:03]} Rc4 {[%clk 1:20:54]} 22. a4 {[%clk 1:11:37]} R8c5
{[%clk 1:20:01]} 23. R1d2 {[%clk 1:10:48]} Rc8 {[%clk 1:19:47]} 24. Kb1
{[%clk 1:09:30]} R8c5 {[%clk 1:18:40]} 25. Ka2 {[%clk 1:09:14]} Rc8
{[%clk 1:18:26]} 26. Ka3 {[%clk 1:08:13]} Rxd4 {[%clk 1:18:30]} 27. Rxd4
{[%clk 1:08:20]} Nd7 {[%clk 1:18:57]} 28. a5 {[%clk 1:07:02]} f6 {[%clk 1:19:05]}
29. Kb4 {[%clk 1:06:29]} Rb8+ {[%clk 1:19:12]} 30. Nb5 {[%clk 1:05:24]} e5
{[%clk 1:19:07]} 31. Re4 {[%clk 1:03:25]} f5 {[%clk 1:19:01]} 32. Re3
{[%clk 1:01:56]} e4 {[%clk 1:19:22]} 33. c4 {[%clk 1:01:56]} Kf6 {[%clk 1:18:47]}
34. h4 {[%clk 1:01:09]} Nf8 {[%clk 1:18:57]} 35. g3 {[%clk 1:00:33]} Ne6
{[%clk 1:19:13]} 36. a6 {[%clk 0:59:41]} g5 {[%clk 1:19:13]} 37. hxg5+
{[%clk 0:58:58]} Nxg5 {[%clk 1:19:08]} 38. fxg5+ {[%clk 0:59:15]} Kxg5
{[%clk 1:19:36]} 39. a7 {[%clk 0:59:29]} Ra8 {[%clk 1:19:52]} 40. Ra3
{[%clk 1:29:26]} Kg4 {[%clk 1:49:57]} 41. Nc7 {[%clk 1:28:46]} Rxa7
{[%clk 1:50:10]} 42. Rxa7 {[%clk 1:29:04]} e3 {[%clk 1:50:38]} 43. Ra3
{[%clk 1:27:57]} h4 {[%clk 1:50:07]} 44. Rxe3 {[%clk 1:26:11]} hxg3
{[%clk 1:50:13]} 45. Nd5 {[%clk 1:26:13]} f4 {[%clk 1:50:11]} 46. Nxf4
{[%clk 1:25:53]} 1-0

[Event "World Chess Olympiad 2018"]
[Site "Batumi"]
[Date "2018.10.02"]
[Round "8"]
[Board "1"]
[WhiteFideId "9100024"]
[White "Fancy Stuart"]
[BlackFideId "11900270"]
[Black "Marckens Jean Louis"]
[Result "0-1"]
[LiveChessVersion "1.4.8"]
[BlackElo "1992"]
[WhiteElo "1950"]

1. e4 {[%clk 1:30:57]} c6 {[%clk 1:30:40]} 2. Nf3 {[%clk 1:30:14]} d5
{[%clk 1:30:56]} 3. exd5 {[%clk 1:30:30]} cxd5 {[%clk 1:31:12]} 4. Ne5
{[%clk 1:30:01]} Nf6 {[%clk 1:30:03]} 5. Bb5+ {[%clk 1:30:21]} Bd7
{[%clk 1:29:51]} 6. Nxd7 {[%clk 1:30:33]} Nbxd7 {[%clk 1:30:00]} 7. d4
{[%clk 1:30:28]} g6 {[%clk 1:29:12]} 8. O-O {[%clk 1:28:56]} Bg7 {[%clk 1:28:51]}
9. Bf4 {[%clk 1:26:57]} O-O {[%clk 1:28:34]} 10. Nd2 {[%clk 1:26:56]} Qb6
{[%clk 1:27:13]} 11. Bxd7 {[%clk 1:15:18]} Nxd7 {[%clk 1:27:05]} 12. Nb3
{[%clk 1:14:40]} a5 {[%clk 1:25:29]} 13. a4 {[%clk 1:14:22]} Qc6 {[%clk 1:16:06]}
14. Re1 {[%clk 1:14:16]} e6 {[%clk 1:16:04]} 15. Qd2 {[%clk 1:09:37]} b6
{[%clk 1:15:01]} 16. Re3 {[%clk 1:06:59]} Rac8 {[%clk 1:11:33]} 17. c3
{[%clk 1:07:03]} Rfe8 {[%clk 1:08:38]} 18. Rh3 {[%clk 1:04:56]} e5
{[%clk 1:05:52]} 19. dxe5 {[%clk 1:02:28]} Nxe5 {[%clk 1:04:31]} 20. Nd4
{[%clk 1:00:57]} Qd7 {[%clk 1:02:34]} 21. b3 {[%clk 0:56:30]} Re7
{[%clk 0:55:03]} 22. Nb5 {[%clk 0:54:33]} Qxh3 {[%clk 0:53:44]} 23. Bxe5
{[%clk 0:53:15]} Qe6 {[%clk 0:52:38]} 24. Bxg7 {[%clk 0:52:16]} Kxg7
{[%clk 0:52:44]} 25. h3 {[%clk 0:51:00]} Rce8 {[%clk 0:50:54]} 26. Rd1
{[%clk 0:50:24]} Rd7 {[%clk 0:48:31]} 27. Nd4 {[%clk 0:48:39]} Qf6
{[%clk 0:47:40]} 28. Qd3 {[%clk 0:47:47]} Rde7 {[%clk 0:45:51]} 29. Nf3
{[%clk 0:46:07]} Re2 {[%clk 0:45:30]} 30. b4 {[%clk 0:42:10]} Ra2
{[%clk 0:43:57]} 31. Rf1 {[%clk 0:39:24]} Ree2 {[%clk 0:41:55]} 32. b5
{[%clk 0:30:26]} h6 {[%clk 0:39:16]} 33. Qxd5 {[%clk 0:28:39]} Qxc3
{[%clk 0:38:43]} 34. Qc6 {[%clk 0:26:59]} Qxc6 {[%clk 0:37:18]} 35. bxc6
{[%clk 0:27:27]} Rec2 {[%clk 0:37:46]} 36. Nd4 {[%clk 0:27:39]} Rc4
{[%clk 0:37:57]} 0-1

[Event "Wolrd Chess Olympiad 2018"]
[Site "Batumi"]
[Date "2018.10.02"]
[Round "8"]
[Board "1"]
[WhiteFideId "21400113"]
[White "Mimbasa Kutesa Willy"]
[BlackFideId "3100022"]
[Black "Sosa Trani Luis A."]
[Result "0-1"]
[LiveChessVersion "1.4.8"]
[BlackElo "2054"]
[WhiteElo "1760"]

1. e4 {[%clk 1:30:26]} c5 {[%clk 1:30:55]} 2. Nf3 {[%clk 1:30:32]} Nc6
{[%clk 1:31:19]} 3. d4 {[%clk 1:29:16]} cxd4 {[%clk 1:31:47]} 4. Nxd4
{[%clk 1:28:53]} g6 {[%clk 1:32:07]} 5. Be3 {[%clk 1:27:59]} Nf6 {[%clk 1:28:43]}
6. Nc3 {[%clk 1:27:34]} Bg7 {[%clk 1:29:09]} 7. Bc4 {[%clk 1:26:52]} Qa5
{[%clk 1:29:13]} 8. O-O {[%clk 1:26:40]} O-O {[%clk 1:28:08]} 9. f4
{[%clk 1:25:53]} d6 {[%clk 1:27:16]} 10. a3 {[%clk 1:25:16]} Ng4 {[%clk 1:26:06]}
11. Nxc6 {[%clk 1:24:23]} bxc6 {[%clk 1:25:58]} 12. Bd2 {[%clk 1:23:56]} Qc5+
{[%clk 1:25:49]} 13. Kh1 {[%clk 1:23:19]} Qxc4 {[%clk 1:26:05]} 14. f5
{[%clk 1:23:01]} Ne5 {[%clk 1:26:02]} 15. Bg5 {[%clk 1:21:04]} f6
{[%clk 1:19:34]} 16. Bf4 {[%clk 1:19:49]} Rb8 {[%clk 1:19:10]} 17. Qc1
{[%clk 1:19:06]} Ba6 {[%clk 1:18:39]} 18. Rf2 {[%clk 1:17:14]} d5
{[%clk 1:08:00]} 19. fxg6 {[%clk 1:14:52]} hxg6 {[%clk 1:07:30]} 20. Bh6
{[%clk 1:13:48]} Ng4 {[%clk 1:07:15]} 21. Bxg7 {[%clk 1:13:12]} Nxf2+
{[%clk 1:07:04]} 22. Kg1 {[%clk 1:13:09]} Kxg7 {[%clk 1:05:55]} 23. Kxf2
{[%clk 1:13:23]} Qd4+ {[%clk 1:06:07]} 24. Kf3 {[%clk 1:13:14]} dxe4+
{[%clk 1:03:57]} 25. Nxe4 {[%clk 1:12:57]} c5 {[%clk 1:01:04]} 26. h4
{[%clk 1:11:52]} Bb7 {[%clk 1:01:26]} 27. h5 {[%clk 1:11:02]} Qxe4+
{[%clk 1:01:41]} 28. Kf2 {[%clk 1:10:34]} Qxg2+ {[%clk 1:02:03]} 29. Ke3
{[%clk 1:10:43]} Qf3+ {[%clk 1:02:11]} 30. Kd2 {[%clk 1:11:04]} Rbd8+
{[%clk 1:02:12]} 31. Ke1 {[%clk 1:11:19]} Qh1+ {[%clk 1:01:55]} 32. Kf2
{[%clk 1:11:28]} Qg2+ {[%clk 1:02:17]} 33. Ke1 {[%clk 1:11:27]} Qg3+
{[%clk 1:02:36]} 34. Ke2 {[%clk 1:10:39]} Bf3+ {[%clk 1:01:24]} 0-1

[Event "Wolrd Chess Olympiad 2018"]
[Site "Batumi"]
[Date "2018.10.02"]
[Round "8"]
[Board "2"]
[WhiteFideId "3105873"]
[White "Mejias Nunez Rafael E."]
[BlackFideId "21400067"]
[Black "Esungi Guy Botetsi"]
[Result "1-0"]
[LiveChessVersion "1.4.8"]
[BlackElo "1495"]
[WhiteElo "1943"]

1. d4 {[%clk 1:30:57]} d5 {[%clk 1:30:34]} 2. c4 {[%clk 1:28:45]} Nf6
{[%clk 1:29:53]} 3. cxd5 {[%clk 1:29:06]} Qxd5 {[%clk 1:29:17]} 4. Nc3
{[%clk 1:29:26]} Qd8 {[%clk 1:29:09]} 5. e4 {[%clk 1:29:47]} e6 {[%clk 1:27:54]}
6. Nf3 {[%clk 1:29:32]} Be7 {[%clk 1:25:41]} 7. Bd3 {[%clk 1:29:19]} O-O
{[%clk 1:24:21]} 8. O-O {[%clk 1:29:03]} Nc6 {[%clk 1:23:39]} 9. Bc2
{[%clk 1:28:29]} Nb4 {[%clk 1:19:41]} 10. Bb1 {[%clk 1:27:32]} Nc6
{[%clk 1:17:12]} 11. a3 {[%clk 1:27:30]} a6 {[%clk 1:15:59]} 12. Qd3
{[%clk 1:27:45]} g6 {[%clk 1:13:45]} 13. e5 {[%clk 1:27:15]} Nh5 {[%clk 1:11:36]}
14. Bh6 {[%clk 1:26:34]} Re8 {[%clk 1:11:21]} 15. Ne4 {[%clk 1:26:53]} Ng7
{[%clk 1:09:05]} 16. Bg5 {[%clk 1:26:21]} Bxg5 {[%clk 1:07:52]} 17. Nfxg5
{[%clk 1:26:48]} Nh5 {[%clk 0:58:55]} 18. Nf3 {[%clk 1:19:32]} Kh8
{[%clk 0:55:14]} 19. Qe3 {[%clk 1:19:22]} Ne7 {[%clk 0:51:51]} 20. g4
{[%clk 1:19:36]} Nd5 {[%clk 0:49:27]} 21. Qh6 {[%clk 1:19:10]} Nhf4
{[%clk 0:40:18]} 22. Neg5 {[%clk 1:18:48]} Ne2+ {[%clk 0:37:34]} 23. Kh1
{[%clk 1:19:06]} Qxg5 {[%clk 0:33:09]} 24. Nxg5 {[%clk 1:19:30]} Nf6
{[%clk 0:32:52]} 25. exf6 {[%clk 1:19:51]} Kg8 1-0

[Event "Wolrd Chess Olympiad 2018"]
[Site "Batumi"]
[Date "2018.10.02"]
[Round "8"]
[Board "1"]
[WhiteFideId "1622218"]
[White "Kamara Ansumana"]
[BlackFideId "22400052"]
[Black "Gadeanang Andrew"]
[Result "1-0"]
[LiveChessVersion "1.4.8"]
[BlackElo "1551"]
[WhiteElo "1910"]

1. e4 {[%clk 1:30:55]} e5 {[%clk 1:30:51]} 2. Nf3 {[%clk 1:31:16]} Nc6
{[%clk 1:31:05]} 3. Bb5 {[%clk 1:31:35]} d6 {[%clk 1:31:26]} 4. O-O
{[%clk 1:31:56]} Nf6 {[%clk 1:31:45]} 5. Re1 {[%clk 1:31:56]} Be7
{[%clk 1:32:06]} 6. c3 {[%clk 1:32:13]} O-O {[%clk 1:32:29]} 7. d4
{[%clk 1:31:44]} Bg4 {[%clk 1:31:36]} 8. d5 {[%clk 1:31:53]} Nb8 {[%clk 1:31:41]}
9. Nbd2 {[%clk 1:32:01]} h6 {[%clk 1:29:24]} 10. Nf1 {[%clk 1:32:08]} c6
{[%clk 1:28:49]} 11. dxc6 {[%clk 1:32:09]} bxc6 {[%clk 1:28:14]} 12. Bd3
{[%clk 1:32:26]} Nbd7 {[%clk 1:26:09]} 13. h3 {[%clk 1:32:38]} Be6
{[%clk 1:25:14]} 14. Ng3 {[%clk 1:32:12]} Nh7 {[%clk 1:22:14]} 15. Be3
{[%clk 1:31:46]} Ng5 {[%clk 1:20:36]} 16. Bc2 {[%clk 1:30:22]} Nxf3+
{[%clk 1:20:11]} 17. Qxf3 {[%clk 1:30:40]} Bg5 {[%clk 1:20:26]} 18. Rad1
{[%clk 1:28:51]} Bxe3 {[%clk 1:20:11]} 19. Qxe3 {[%clk 1:29:10]} Nb6
{[%clk 1:19:11]} 20. b3 {[%clk 1:29:11]} Qe7 {[%clk 1:18:27]} 21. f4
{[%clk 1:28:56]} f6 {[%clk 1:17:34]} 22. f5 {[%clk 1:29:04]} Bf7 {[%clk 1:17:48]}
23. a4 {[%clk 1:27:26]} Rfd8 {[%clk 1:16:31]} 24. a5 {[%clk 1:26:39]} Nd7
{[%clk 1:16:53]} 25. Qf3 {[%clk 1:26:45]} d5 {[%clk 1:13:08]} 26. b4
{[%clk 1:24:59]} Nf8 {[%clk 1:12:39]} 27. Ba4 {[%clk 1:23:26]} Qc7
{[%clk 1:09:41]} 28. Qg4 {[%clk 1:21:42]} Nh7 {[%clk 1:09:09]} 29. h4
{[%clk 1:21:53]} c5 {[%clk 1:08:09]} 30. exd5 {[%clk 1:19:38]} Rxd5
{[%clk 1:06:03]} 31. Rxd5 {[%clk 1:18:10]} Bxd5 {[%clk 1:06:19]} 32. Nh5
{[%clk 1:18:26]} Kh8 {[%clk 1:02:25]} 33. Rd1 {[%clk 1:18:33]} Rd8
{[%clk 0:59:17]} 34. c4 {[%clk 1:12:32]} cxb4 {[%clk 0:59:05]} 35. Rxd5
{[%clk 1:12:03]} Rg8 {[%clk 0:56:56]} 36. Rd7 {[%clk 1:12:14]} Qc5+
{[%clk 0:57:18]} 37. Kh2 {[%clk 1:11:50]} e4 {[%clk 0:55:18]} 38. Rxg7
{[%clk 1:09:43]} Qc7+ {[%clk 0:55:37]} 39. Rxc7 {[%clk 1:09:01]} Rxg4
{[%clk 0:55:57]} 40. Rxh7+ {[%clk 1:39:21]} Kg8 {[%clk 1:25:25]} 41. Nxf6+ 1-0